Central Library OPAC University of Rajshahi

Statistics for economists / (Record no. 18040)

MARC details
000 -LEADER
fixed length control field 00851cam a22002891 4500
001 - CONTROL NUMBER
control field 18040
003 - CONTROL NUMBER IDENTIFIER
rucl marc code BD-RjUL
005 - DATE AND TIME OF LATEST TRANSACTION
control field 20211209000229.0
008 - FIXED-LENGTH DATA ELEMENTS--GENERAL INFORMATION
fixed length control field 140219s19611949enka 001 0 eng
035 ## - SYSTEM CONTROL NUMBER
System control number (BD-RjUL)18098
System control number (OCoLC)4386523
040 ## - CATALOGING SOURCE
Original cataloging agency DLC
Transcribing agency OCl
Modifying agency OCoLC
-- DLC
Language of cataloging eng
041 ## - LANGUAGE CODE
Language code of text/sound track or separate title eng
082 ## - DEWEY DECIMAL CLASSIFICATION NUMBER
Classification number 311.2
Author mark and year ALS 1961
100 1# - MAIN ENTRY--PERSONAL NAME
Personal name Allen, R. G. D.
Fuller form of name (Roy George Douglas)
9 (RLIN) 7571
245 00 - TITLE STATEMENT
Title Statistics for economists /
Statement of responsibility, etc. R. G. D Allen
250 ## - EDITION STATEMENT
Edition statement 11 th ed.
260 ## - PUBLICATION, DISTRIBUTION, ETC. (IMPRINT)
Place of publication, distribution, etc. London :
Name of publisher, distributor, etc. Hutchinson's University Library,
Date of publication, distribution, etc. [c1949] 1961
300 ## - PHYSICAL DESCRIPTION
Pagination 216 p. :
Illustrations illus. ;
Size 19 cm.
490 0# - SERIES STATEMENT
Series statement Hutchinson's university library: Economics
500 ## - GENERAL NOTE
General note "A short reading list": p. 206-207.
504 ## - BIBLIOGRAPHY, ETC. NOTE
Bibliography, etc includes index
650 #0 - SUBJECT ADDED ENTRY--TOPICAL TERM
Topical term or geographic name as entry element Statistics.
9 (RLIN) 55591
942 ## - ADDED ENTRY ELEMENTS (KOHA)
Source of classification or shelving scheme Dewey Decimal Classification
Koha item type Books
Holdings
Lost status Source of classification or shelving scheme Damaged status Not for loan Collection code Permanent Location Current Location Shelving location Date acquired Cost, normal purchase price Total Checkouts Full call number Date last seen Date checked out Copy number Koha item type
  Dewey Decimal Classification     Fiction Central Library, University of Rajshahi Central Library, University of Rajshahi     0.00 2 311.2 ALS 1961 07/02/2019 09/01/2019 C-3 Books